| 000 | 00420nam a2200169 a 4500 | ||
|---|---|---|---|
| 005 | 20210223123004.0 | ||
| 008 | 991125s1972 mx 000 0 spa u | ||
| 035 | _aUPN01000045261 | ||
| 049 | _aF | ||
| 050 | 4 |
_aPQ6077 _bR5.6 |
|
| 100 | 1 | _aRius, Luis | |
| 245 | 1 | 3 |
_aLa poesía / _cRius Luis. |
| 260 |
_aMéxico : _bANUIES, _c1972. |
||
| 300 | _a32 p. | ||
| 650 | 4 |
_aPOESIA - _xHISTORIA Y CRITICA _91217 |
|
| 905 | _aLibro | ||
| 999 |
_c45261 _d45261 |
||